Thinking in systems
সংরক্ষণ করুন:
| প্রধান লেখক: | |
|---|---|
| বিন্যাস: | গ্রন্থ |
| ভাষা: | ইংরেজি |
| প্রকাশিত: |
Chelsea Green Publishing
2008
|
| সংস্করন: | 1a. ed |
| বিষয়গুলি: | |
| ট্যাগগুলো: |
ট্যাগ যুক্ত করুন
কোনো ট্যাগ নেই, প্রথমজন হিসাবে ট্যাগ করুন!
|
MARC
| LEADER | 00000cam a2200000 a 4500 | ||
|---|---|---|---|
| 001 | UCG8092 | ||
| 003 | CL-VaPUC | ||
| 008 | 111118e20080000US |||||||||||||||||eng|d | ||
| 020 | |a 9781603580557 | ||
| 082 | 0 | 4 | |a 003 |b MEA |2 21 |
| 100 | |a Meadows, Donella H. |e autora |9 558656 | ||
| 245 | 1 | 0 | |a Thinking in systems |
| 250 | |a 1a. ed | ||
| 300 | |a 218 p | ||
| 942 | |c BK | ||
| 945 | |d 20111118 00:00:00 |a dcastane | ||
| 260 | |b Chelsea Green Publishing |c 2008 | ||
| 650 | 0 | |a Análisis de sistemas |9 260059 | |
| 583 | |a last modification |c 20111118 11:09:00 |k Rodrigo Vera | ||
| 999 | |c 345731 |d 345729 | ||
| 952 | |0 0 |1 0 |4 0 |6 003_000000000000000_MEA_2008 |7 0 |8 A |9 445543 |a BIBING |b BIBING |d 2019-11-22 |i 4803264 |l 4 |m 5 |o 003 MEA 2008 |p 4803264 |r 2024-01-25 |s 2023-11-06 |w 2019-11-22 |y BK |k EII | ||